000 01436cam a2200433 a 4500
001 sjds1132767
003 sjds
005 20170614165831.0
008 941110s1995 nyua a 000 1 spa
010 _a 94078535
020 _a0064434028 (pbk.)
020 _a9780064434027 (pbk.)
020 _a0060253320
020 _a9780060253325
035 _a175149
035 _a(OCoLC)32289652
035 _a175149
040 _aDLC
_cDLC
_dUtOrBLW
041 1 _aspa
_heng
049 _aIFAB
099 _aESPANOL PICTURE BOOKS JOHNSON
999 _c17589
_d17589
999 _bESPANOL PICTURE BOOKS JOHNSON
100 1 _aJohnson, Crockett,
_d1906-1975,
_eauthor.
240 1 0 _aHarold and the purple crayon.
_lSpanish
245 1 0 _aHarold y el lapiz color morado /
_cpor Crockett Johnson ; traducido por Teresa Mlawer.
250 _aFirst Spanish edition.
260 _a[New York] :
_bHarper Arco Iris,
_c1995.
264 1 _a[New York] :
_bHarper Arco Iris,
_c1995.
300 _a1 volume (unpaged) :
_billustrations ;
_c15 cm
336 _atext
_btxt
_2rdacontent
337 _aunmediated
_bn
_2rdamedia
338 _avolume
_bnc
_2rdacarrier
520 _aHarold provides himself with many adventures with his purple crayon.
526 0 _aAccelerated Reader
_bLG
_c1.9
_d0.5
_z7318SP
650 0 _aFantasy fiction
_vJuvenile literature.
650 7 _aNovela fantástica
_vLiteratura juvenil.
_2bidex
700 1 _aMlawer, Teresa.
942 _cBK